| 000 | 00000nam 2200000zi 4500 |
| 001 | 9.908791 |
| 003 | CaOODSP |
| 005 | 20221107181741 |
| 006 | m o d f |
| 007 | cr cn||||||||| |
| 008 | 220304t20222022quc o f000 0 eng d |
| 020 | |a9780660423623 |
| 040 | |aCaOODSP|beng|erda|cCaOODSP |
| 043 | |an-cn--- |
| 086 | 1 |aEn14-192/2022E-PDF |
| 245 | 00|aCode of practice for management of tetrabutyltin : |bfourth progress report. |
| 264 | 1|a[Gatineau, Quebec] : |bEnvironment and Climate Change Canada = Environnement et changement climatique Canada, |c2022. |
| 264 | 4|c©2022 |
| 300 | |a1 online resource (i, 3 pages) |
| 336 | |atext|btxt|2rdacontent |
| 337 | |acomputer|bc|2rdamedia |
| 338 | |aonline resource|bcr|2rdacarrier |
| 500 | |aIssued also in French under title: Code de pratique pour la gestion du tétrabutylétain : quatrième rapport d’étape. |
| 500 | |aIssued also in HTML format. |
| 650 | 0|aOrganotin compounds|zCanada|xSafety measures. |
| 710 | 1 |aCanada. |bEnvironment and Climate Change Canada, |eissuing body. |
| 775 | 08|tCode de pratique pour la gestion du tétrabutylétain : |w(CaOODSP)9.908795 |
| 795 | |tThird progress report on the code of practice for the management of tetrabutyltin in Canada (2019).|w(CaOODSP)9.870056 |
| 856 | 40|qPDF|s117 MB|uhttps://publications.gc.ca/collections/collection_2022/eccc/En14-192-2022-eng.pdf |
| 856 | 4 |qHTML|sN/A|uhttps://www.canada.ca/en/environment-climate-change/services/canadian-environmental-protection-act-registry/guidelines-objectives-codes-practice/management-tetrabutyltin-fourth-progress-report-2022.html |
| 986 | |aEC21269 |